Quality assurance at university level
Saved in:
| Main Author: | |
|---|---|
| Corporate Author: | |
| Other Authors: | , |
| Format: | Book |
| Language: | English |
| Published: |
Bratislava
Vydavateľstvo EKONÓM
2005
|
| Subjects: | |
| Tags: |
No Tags, Be the first to tag this record!
|
MARC
| LEADER | 00000nam$a2200000$$$4500 | ||
|---|---|---|---|
| 001 | 0031657 | ||
| 005 | 20240502071438.1 | ||
| 020 | |a 80-225-2011-X | ||
| 041 | 0 | |a eng | |
| 044 | |a SK | ||
| 245 | 1 | 0 | |a Quality assurance at university level |c Eva Muchová, Rudolf Sivák, Milan Terek |
| 264 | 1 | |a Bratislava |b Vydavateľstvo EKONÓM |c 2005 | |
| 300 | |a 66 s. | ||
| 610 | 2 | 0 | |a univerzity |
| 610 | 2 | 0 | |a školy vysoké |
| 610 | 2 | 0 | |a vzdelanie vysokoškolské |
| 610 | 2 | 0 | |a vzdelávanie |
| 610 | 2 | 0 | |a kvalita |
| 610 | 2 | 0 | |a manažment |
| 610 | 2 | 0 | |a systém riadenia kvality |
| 610 | 2 | 0 | |a programy riadiace |
| 610 | 2 | 0 | |a učitelia |
| 610 | 2 | 0 | |a študenti |
| 610 | 2 | 0 | |a výskum |
| 610 | 2 | 0 | |a riadenie kvality |
| 610 | 2 | 0 | |a Slovensko |
| 100 | 1 | |a Muchová, Eva, 1961- | |
| 700 | 1 | |a Sivák, Rudolf, 1955- | |
| 700 | 1 | |a Terek, Milan | |
| 710 | 2 | |a Ekonomická univerzita v Bratislave | |